[Event "Olimpiade 2014 - Open"]
[Site "Tromsø"]
[Date "02.08.2014"]
[Round "1.1"]
[Board "1"]
[White "Basil, Alshouha"]
[Black "Grischuk, Alexander"]
[Result "0-1"]
[BlackTitle "GM"]
[WhiteElo "2135"]
[BlackElo "2795"]
[WhiteTeam "Jordan"]
[BlackTeam "Russia"]
[WhiteFideId "8101914"]
[BlackFideId "4126025"]
[EventDate "2014.08.02"]

1. e4 c5 2. Nf3 d6 3. d4 cxd4 4. Bc4 Nf6 5. Qe2 Nc6 6. c3 Bg4 7. cxd4 Nxd4 8.
Bxf7+ Kxf7 9. Qc4+ Ne6 10. Ng5+ Ke8 11. Nxe6 Rc8 12. Qa4+ Qd7 13. Qxd7+ Nxd7 14.
Nxg7+ Bxg7 15. Nd2 Ne5 16. f3 Bd7 0-1

[Event "Olimpiade 2014 - Open"]
[Site "Tromsø"]
[Date "02.08.2014"]
[Round "1.1"]
[Board "2"]
[White "Svidler, Peter"]
[Black "Samhouri, Bilal"]
[Result "1-0"]
[WhiteTitle "GM"]
[BlackTitle "FM"]
[WhiteElo "2751"]
[BlackElo "2256"]
[WhiteTeam "Russia"]
[BlackTeam "Jordan"]
[WhiteFideId "4102142"]
[BlackFideId "8100942"]
[EventDate "2014.08.02"]

1. e4 c5 2. Nf3 e6 3. d4 cxd4 4. Nxd4 Nf6 5. Nc3 Nc6 6. g3 Bb4 7. Bg2 d5 8. exd5
exd5 9. O-O O-O 10. Bg5 Be7 11. Re1 h6 12. Nxd5 Nxd5 13. Nxc6 bxc6 14. Bxe7 Nxe7
15. Qxd8 Rxd8 16. Rxe7 Bf5 17. c4 Rdc8 18. Re5 g6 19. b4 Rab8 20. a3 Kf8 21. Rd1
Be6 22. Rc5 a5 23. bxa5 Rb3 24. a4 Rb4 25. Rxc6 Rxc4 26. Rxc8+ Bxc8 27. Bf1 Rc7
28. a6 Ke7 29. Rb1 Kd6 30. Rb6+ Kc5 31. Rb8 Be6 32. Rb7 Kc6 33. Bg2+ 1-0

[Event "Olimpiade 2014 - Open"]
[Site "Tromsø"]
[Date "02.08.2014"]
[Round "1.1"]
[Board "3"]
[White "Mansour, Sameer"]
[Black "Karjakin, Sergey"]
[Result "0-1"]
[WhiteTitle "FM"]
[BlackTitle "GM"]
[WhiteElo "2249"]
[BlackElo "2786"]
[WhiteTeam "Jordan"]
[BlackTeam "Russia"]
[WhiteFideId "8100144"]
[BlackFideId "14109603"]
[EventDate "2014.08.02"]

1. d4 Nf6 2. Nf3 e6 3. e3 d5 4. Bd3 c5 5. c3 Nc6 6. Nbd2 Bd6 7. O-O O-O 8. dxc5
Bxc5 9. e4 Qc7 10. exd5 Nxd5 11. Nb3 Be7 12. Nbd4 Nxd4 13. Nxd4 Rd8 14. Qe2 g6
15. Rd1 Nf4 16. Bxf4 Qxf4 17. g3 Qc7 18. Be4 Bd7 19. a4 a6 20. Nc2 Be8 21. Ne3
Rxd1+ 22. Qxd1 Rd8 23. Qb3 b6 24. Qc4 Qe5 25. Bf3 a5 26. Ng4 Qb8 27. Rd1 Rxd1+
28. Bxd1 h5 29. Ne3 Qd8 30. Bf3 Bc5 31. Nd1 Qd6 32. b3 Bd7 33. Kf1 e5 34. Qd5
Qf6 35. Qxd7 Qxf3 36. Qd2 Kg7 37. h4 Qe4 38. Nb2 Qb1+ 39. Kg2 Qa2 40. Nc4 Qxb3
41. Nxe5 Qxa4 42. Qd5 Qe8 43. Nd3 Qe6 44. Qa8 Qc4 45. Nf4 a4 46. Qf3 a3 47. Nd5
f5 0-1

[Event "Olimpiade 2014 - Open"]
[Site "Tromsø"]
[Date "02.08.2014"]
[Round "1.1"]
[Board "4"]
[White "Nepomniachtchi, Ian"]
[Black "Mohannad, Farhan"]
[Result "1-0"]
[WhiteTitle "GM"]
[BlackTitle "FM"]
[WhiteElo "2714"]
[BlackElo "2321"]
[WhiteTeam "Russia"]
[BlackTeam "Jordan"]
[WhiteFideId "4168119"]
[BlackFideId "8100918"]
[EventDate "2014.08.02"]

1. Nf3 Nf6 2. g3 g6 3. Bg2 Bg7 4. O-O O-O 5. d4 d6 6. a4 Nc6 7. a5 a6 8. Nc3 e5
9. dxe5 dxe5 10. Be3 Qxd1 11. Rfxd1 Bf5 12. Ne1 e4 13. Bf4 Rac8 14. h3 h5 15.
Kh2 Rfe8 16. Bh1 Bf8 17. Ng2 Bb4 18. Ne3 Bxa5 19. Ncd5 Kg7 20. Nxf6 Kxf6 21. g4
hxg4 22. hxg4 Be6 23. g5+ Kg7 24. Bxe4 Bb6 25. Bxc6 bxc6 26. Kg3 f6 27. Rxa6
fxg5 28. Bxg5 Rh8 29. Ng4 Rcf8 30. f3 Rh5 31. Be7 Re8 32. Bf6+ Kf7 33. Ra3 Bc5
34. Ra6 Bxg4 35. fxg4 Re3+ 36. Kf4 Rh2 37. Rxc6 Rf2+ 38. Kg5 Bd6 39. Rdxd6 cxd6
40. Rc7+ Kf8 41. Bd4 Rexe2 42. Bxf2 Rxf2 43. Kxg6 Rg2 44. g5 Rf2 45. b4 d5 46.
b5 Rf4 47. b6 Rb4 48. b7 1-0

[Event "Olimpiade 2014 - Open"]
[Site "Tromsø"]
[Date "02.08.2014"]
[Round "1.2"]
[Board "1"]
[White "Ponomariov, Ruslan"]
[Black "Zaibi, Amir"]
[Result "1-0"]
[WhiteTitle "GM"]
[BlackTitle "FM"]
[WhiteElo "2717"]
[BlackElo "2297"]
[WhiteTeam "Ukraine"]
[BlackTeam "Tunisia"]
[WhiteFideId "14103320"]
[BlackFideId "5500796"]
[EventDate "2014.08.02"]

1. c4 e6 2. g3 d5 3. Bg2 c6 4. Qc2 dxc4 5. Qxc4 e5 6. Nf3 Bd6 7. d4 exd4 8. Qxd4
Nf6 9. O-O O-O 10. Nc3 Be7 11. Qa4 Nbd7 12. Rd1 Qb6 13. Qc2 Re8 14. a3 Qa5 15.
e4 Ne5 16. Nxe5 Qxe5 17. h3 Qh5 18. g4 Qg6 19. Ne2 h6 20. f4 Bxg4 21. hxg4 Nxe4
22. Bxe4 Bc5+ 23. Qxc5 Qxg4+ 24. Kf2 Rxe4 25. Be3 Rae8 26. Rd3 b6 27. Qc3 R8e6
28. Rg1 Qh4+ 29. Rg3 Rg6 30. Kg2 Qh5 31. Rd8+ Kh7 32. Qd3 c5 33. Rxg6 Qxg6+ 34.
Ng3 f5 35. Kf2 1-0

[Event "Olimpiade 2014 - Open"]
[Site "Tromsø"]
[Date "02.08.2014"]
[Round "1.2"]
[Board "2"]
[White "Amdouni, Zoubaier"]
[Black "Eljanov, Pavel"]
[Result "0-1"]
[WhiteTitle "FM"]
[BlackTitle "GM"]
[WhiteElo "2350"]
[BlackElo "2723"]
[WhiteTeam "Tunisia"]
[BlackTeam "Ukraine"]
[WhiteFideId "5500419"]
[BlackFideId "14102951"]
[EventDate "2014.08.02"]

1. e4 e5 2. Bc4 Nf6 3. d3 Nc6 4. Nc3 Bc5 5. f4 d5 6. exd5 Bg4 7. Qd2 exf4 8.
Qxf4 Qe7+ 9. Kf1 Ne5 10. Bb5+ c6 11. dxc6 bxc6 12. d4 Bxd4 13. Qxd4 Rd8 14.
Bxc6+ Nxc6 15. Qa4 Qe6 16. Bg5 Rd4 17. Re1 Rxa4 18. Rxe6+ fxe6 19. Nxa4 Ne4 20.
Be3 O-O+ 21. Nf3 Ne5 22. Ke1 Nxf3+ 23. gxf3 Rxf3 24. Bc5 e5 25. Rf1 Rxf1+ 26.
Kxf1 Bd7 27. Bxa7 Bxa4 28. b3 Bc6 29. Bb8 Nd2+ 30. Ke2 Nf3 31. c4 Kf7 32. b4
Nd4+ 33. Kd3 Ke6 34. b5 Bf3 35. Ba7 Nf5 36. a4 g5 37. a5 e4+ 38. Kc3 e3 39. a6
e2 40. Bf2 Ne3 41. Kd3 Ng4 42. Bg3 h5 43. h4 gxh4 44. Bxh4 Ne5+ 45. Ke3 Kf5 46.
c5 Kg4 47. Be1 h4 48. c6 Nc4+ 49. Kf2 h3 50. Kg1 Nb6 51. Bd2 Kg3 52. Be1+ Kf4
53. Kh2 Bg2 54. a7 Ke3 55. Ba5 Na8 56. Kg3 Kd3 57. Kf2 Kc4 58. Kxe2 h2 0-1

[Event "Olimpiade 2014 - Open"]
[Site "Tromsø"]
[Date "02.08.2014"]
[Round "1.2"]
[Board "3"]
[White "Korobov, Anton"]
[Black "Boudriga, Med Ali"]
[Result "1-0"]
[WhiteTitle "GM"]
[BlackTitle "FM"]
[WhiteElo "2680"]
[BlackElo "2282"]
[WhiteTeam "Ukraine"]
[BlackTeam "Tunisia"]
[WhiteFideId "14105730"]
[BlackFideId "5500460"]
[EventDate "2014.08.02"]

1. d4 d5 2. c4 e6 3. Nc3 Nf6 4. cxd5 exd5 5. Bg5 Be7 6. e3 c6 7. Qc2 Nbd7 8. Bd3
O-O 9. Nf3 Re8 10. O-O Nf8 11. h3 Ng6 12. Ne5 Nd7 13. Bxe7 Qxe7 14. f4 Ndf8 15.
Rae1 Qd6 16. Nf3 f6 17. f5 Ne7 18. e4 dxe4 19. Nxe4 Qd8 20. Qb3+ Nd5 21. Nc3 Kh8
22. Rxe8 Qxe8 23. Nxd5 cxd5 24. Re1 Qd8 25. Bb5 Bxf5 26. Re8 Qxe8 27. Bxe8 Rxe8
28. Qxb7 Be4 29. Qxa7 Ng6 30. b4 1-0

[Event "Olimpiade 2014 - Open"]
[Site "Tromsø"]
[Date "02.08.2014"]
[Round "1.2"]
[Board "4"]
[White "Bouaziz, Mehdi"]
[Black "Moiseenko, Alexander"]
[Result "0-1"]
[WhiteTitle "CM"]
[BlackTitle "GM"]
[WhiteElo "2246"]
[BlackElo "2707"]
[WhiteTeam "Tunisia"]
[BlackTeam "Ukraine"]
[WhiteFideId "5500311"]
[BlackFideId "14102560"]
[EventDate "2014.08.02"]

1. d4 Nf6 2. Nf3 d5 3. Bf4 c5 4. e3 Nc6 5. c3 Qb6 6. Qc1 Bf5 7. Be2 e6 8. h3 h6
9. O-O Be7 10. Nbd2 Rc8 11. dxc5 Bxc5 12. Nb3 Be7 13. Nfd4 Bh7 14. Nxc6 bxc6 15.
c4 c5 16. Rd1 O-O 17. Be5 Rfd8 18. Qc3 Ne4 19. Qa5 f6 20. Bh2 Qxa5 21. Nxa5 d4
22. f3 Ng5 23. h4 Nf7 24. Kf2 f5 25. Bg3 Bf6 26. Nb3 e5 27. exd4 cxd4 28. c5 f4
29. Bh2 d3 30. Bf1 Bxh4+ 31. g3 Bg5 32. gxf4 exf4 33. Kg2 Ne5 34. Rac1 Rd5 35.
Bg1 Bf6 36. Rd2 Bg6 37. Kf2 Bh4+ 38. Kg2 Bh5 39. Nd4 Rdxc5 40. Rxc5 Rxc5 41.
Bxd3 Nxd3 42. Rxd3 Bf7 43. a3 Bf6 44. b4 Rg5+ 45. Kf2 Bc4 46. Rd2 Rd5 47. Ke1 a6
48. Nc6 Bc3 49. Ne7+ Kf7 50. Nxd5 Bxd5 51. Bd4 Bxd2+ 52. Kxd2 Bxf3 53. Ke1 Bc6
54. Kf2 g5 55. Be5 Kg6 56. Bd6 Kf5 57. Kg1 g4 58. Kh2 Ke4 59. Kg1 Kf3 0-1

[Event "Olimpiade 2014 - Open"]
[Site "Tromsø"]
[Date "02.08.2014"]
[Round "1.3"]
[Board "1"]
[White "Agdestein, Simen"]
[Black "Al Qudaimi, Basheer"]
[Result "1-0"]
[WhiteTitle "GM"]
[BlackTitle "IM"]
[WhiteElo "2630"]
[BlackElo "2396"]
[WhiteTeam "Norway"]
[BlackTeam "Yemen"]
[WhiteFideId "1500015"]
[BlackFideId "9400346"]
[EventDate "2014.08.02"]

1. c4 e5 2. Nc3 Nf6 3. Nf3 Nc6 4. e3 d5 5. cxd5 Nxd5 6. Bb5 Nxc3 7. bxc3 e4 8.
Ne5 Bd7 9. Nxd7 Qxd7 10. f3 a6 11. Ba4 Qe6 12. O-O Bd6 13. Bc2 Qh6 14. h3 exf3
15. Rxf3 O-O 16. d4 Rad8 17. e4 Qh4 18. Be3 Na5 19. e5 Be7 20. Qd3 g6 21. Rf4
Qh5 22. Raf1 Bg5 23. Rg4 Bxe3+ 24. Qxe3 Nc4 25. Qf4 h6 26. Qg3 Kh7 27. Rh4 Qe2
28. Rxf7+ 1-0

[Event "Olimpiade 2014 - Open"]
[Site "Tromsø"]
[Date "02.08.2014"]
[Round "1.3"]
[Board "2"]
[White "Al Badani, Abdu"]
[Black "Hammer, Jon Ludvig"]
[Result "1/2-1/2"]
[WhiteTitle "FM"]
[BlackTitle "GM"]
[WhiteElo "2180"]
[BlackElo "2628"]
[WhiteTeam "Yemen"]
[BlackTeam "Norway"]
[WhiteFideId "9400176"]
[BlackFideId "1503707"]
[EventDate "2014.08.02"]

1. e4 c6 2. Nc3 d5 3. Nf3 Bg4 4. h3 Bxf3 5. Qxf3 e6 6. d4 Nf6 7. exd5 cxd5 8.
Bf4 Nc6 9. O-O-O Rc8 10. g4 Bd6 11. Bxd6 Qxd6 12. g5 Nd7 13. Nb5 Qe7 14. Qg3 O-O
15. Nd6 Rcd8 16. h4 a6 17. Nxb7 Rb8 18. Qd6 Qxd6 19. Nxd6 Rb6 20. c4 Nb4 21. a3
Na2+ 22. Kc2 Rfb8 23. b4 Rxd6 24. c5 Rc6 25. Kb3 Nxb4 26. axb4 e5 27. Bh3 Nf8
28. Kc3 exd4+ 29. Kxd4 Ne6+ 30. Kxd5 Rcc8 31. Kc4 a5 32. Bxe6 Rxb4+ 33. Kd5
fxe6+ 34. Kxe6 Rc4 35. Rd5 R4xc5 36. Rxc5 Rxc5 37. Ra1 g6 38. Ra4 Rc6+ 39. Ke7
Ra6 40. f3 Ra7+ 41. Ke6 Kf8 42. f4 Ra6+ 43. Ke5 Ke7 44. f5 gxf5 1/2-1/2

[Event "Olimpiade 2014 - Open"]
[Site "Tromsø"]
[Date "02.08.2014"]
[Round "1.3"]
[Board "3"]
[White "Johannessen, Leif Erlend"]
[Black "Al-Subaihi, Khalil"]
[Result "1-0"]
[WhiteTitle "GM"]
[WhiteElo "2528"]
[BlackElo "2082"]
[WhiteTeam "Norway"]
[BlackTeam "Yemen"]
[WhiteFideId "1501674"]
[BlackFideId "9400133"]
[EventDate "2014.08.02"]

1. d4 Nf6 2. c4 e6 3. Nc3 d5 4. cxd5 exd5 5. Bg5 c6 6. Qc2 Bd6 7. e3 h6 8. Bxf6
gxf6 9. Bd3 Rg8 10. g3 h5 11. Nf3 Bg4 12. Nh4 Nd7 13. Bh7 Rg7 14. Bf5 Nf8 15. h3
Bxf5 16. Nxf5 Rg6 17. Nxd5 Bxg3 18. Nde7 Bc7 19. O-O-O Bd6 20. Nxg6 fxg6 21.
Nxd6+ Qxd6 22. Kb1 O-O-O 23. d5 c5 24. Rc1 b6 25. b4 Nd7 26. Qxg6 Kb7 27. Qxh5
cxb4 28. Rc6 Qe7 29. Qf5 b3 30. axb3 Qa3 31. Qc2 Nc5 32. Rd1 Nxb3 33. Qc3 Qa4
34. Rc4 1-0

[Event "Olimpiade 2014 - Open"]
[Site "Tromsø"]
[Date "02.08.2014"]
[Round "1.3"]
[Board "4"]
[White "Al-Hadarani, Hatim"]
[Black "Lie, Kjetil A."]
[Result "1-0"]
[WhiteTitle "FM"]
[BlackTitle "GM"]
[WhiteElo "2254"]
[BlackElo "2528"]
[WhiteTeam "Yemen"]
[BlackTeam "Norway"]
[WhiteFideId "9400273"]
[BlackFideId "1501984"]
[EventDate "2014.08.02"]

1. d4 d6 2. Nc3 g6 3. h4 Nf6 4. e4 Bg7 5. Be2 c5 6. d5 h5 7. Nf3 a6 8. a4 e5 9.
Bg5 Qa5 10. Nd2 Qc7 11. Nc4 Nbd7 12. a5 b5 13. axb6 Nxb6 14. Nxb6 Qxb6 15. Bb5+
Bd7 16. Bxf6 Bxf6 17. Bxd7+ Kxd7 18. Ra2 c4 19. Qe2 Rhc8 20. g3 Ke7 21. O-O a5
22. Kg2 Kf8 23. Rfa1 Bd8 24. Rh1 Bf6 25. Rha1 Kg7 26. Nd1 Rc5 27. Nc3 Qb7 28.
Nd1 Bd8 29. Ne3 Rac8 30. g4 Bxh4 31. gxh5 Rh8 32. hxg6 fxg6 33. Qg4 Be7 34. Rxa5
Rc7 35. Nf5+ Kf7 36. Nxd6+ Bxd6 37. Qe6+ Kg7 38. Qxd6 Qc8 39. Qxe5+ Kf7 40. Qf4+
Kg7 41. Qxc7+ 1-0

[Event "Olimpiade 2014 - Open"]
[Site "Tromsø"]
[Date "02.08.2014"]
[Round "1.4"]
[Board "1"]
[White "Chumfwa, Stanley"]
[Black "Bacrot, Etienne"]
[Result "0-1"]
[WhiteTitle "IM"]
[BlackTitle "GM"]
[WhiteElo "2317"]
[BlackElo "2720"]
[WhiteTeam "Zambia"]
[BlackTeam "France"]
[WhiteFideId "8700117"]
[BlackFideId "605506"]
[EventDate "2014.08.02"]

1. e4 c5 2. Nf3 e6 3. d4 cxd4 4. Nxd4 a6 5. Nc3 b5 6. Be2 Bb7 7. Bf3 Ne7 8. O-O
Nbc6 9. Nxc6 Nxc6 10. e5 Qc7 11. Re1 b4 12. Bxc6 Bxc6 13. Nb1 Be7 14. a3 a5 15.
axb4 axb4 16. Rxa8+ Bxa8 17. Qg4 g5 18. c3 h5 19. Qe2 Qc6 20. Qf1 h4 21. cxb4 h3
22. b5 Qc2 23. Na3 Bxa3 24. bxa3 hxg2 0-1

[Event "Olimpiade 2014 - Open"]
[Site "Tromsø"]
[Date "02.08.2014"]
[Round "1.4"]
[Board "2"]
[White "Fressinet, Laurent"]
[Black "Jere, Daniel"]
[Result "1-0"]
[WhiteTitle "GM"]
[BlackTitle "IM"]
[WhiteElo "2708"]
[BlackElo "2405"]
[WhiteTeam "France"]
[BlackTeam "Zambia"]
[WhiteFideId "608742"]
[BlackFideId "8700249"]
[EventDate "2014.08.02"]

1. d4 d5 2. Nf3 Nf6 3. c4 c6 4. e3 e6 5. Bd3 Nbd7 6. O-O Bd6 7. Nc3 O-O 8. e4
dxc4 9. Bxc4 e5 10. Be3 Qe7 11. Bb3 exd4 12. Bxd4 Ne5 13. Nxe5 Bxe5 14. Bxe5
Qxe5 15. f4 Qc5+ 16. Kh1 Bg4 17. Qe1 Be6 18. e5 Ng4 19. Ne4 Qe3 20. h3 Qxe1 21.
Rfxe1 Nh6 22. g4 Rfe8 23. Rad1 Re7 24. Rd4 Rae8 25. Nd6 Rd8 26. g5 Bd5+ 27. Rxd5
cxd5 28. Rg1 Nf5 29. Nxf5 Rc7 30. Nd6 d4 31. Rd1 Kf8 32. Rxd4 f6 33. Rd1 fxe5
34. fxe5 g6 35. Kg2 Re7 36. Rd5 Rdd7 37. Kf3 b6 38. Ke4 Rc7 39. Nc4 Re8 40. Ne3
Kg7 41. Rd6 b5 42. Nd5 Rb7 43. e6 h6 44. Nf6 Rh8 45. Rd7+ Rxd7 46. exd7 Rd8 47.
Ke5 hxg5 48. Ke6 1-0

[Event "Olimpiade 2014 - Open"]
[Site "Tromsø"]
[Date "02.08.2014"]
[Round "1.4"]
[Board "3"]
[White "Mwali, Chitumbo"]
[Black "Edouard, Romain"]
[Result "0-1"]
[WhiteTitle "IM"]
[BlackTitle "GM"]
[WhiteElo "2250"]
[BlackElo "2680"]
[WhiteTeam "Zambia"]
[BlackTeam "France"]
[WhiteFideId "8700265"]
[BlackFideId "633429"]
[EventDate "2014.08.02"]

1. c4 Nf6 2. g3 e5 3. Bg2 c6 4. d4 e4 5. Nc3 d5 6. cxd5 cxd5 7. Bg5 Bb4 8. Nh3
Bxc3+ 9. bxc3 Nbd7 10. O-O h6 11. Bc1 O-O 12. f3 Nb6 13. Nf2 Re8 14. a4 Bf5 15.
a5 Nc4 16. a6 b6 17. g4 Bh7 18. g5 hxg5 19. Bxg5 Qd6 20. Kh1 e3 21. Nd3 Nh5 22.
Rg1 f6 23. Bh4 Bf5 24. Nb4 Kf7 25. f4 Be4 26. Bxe4 Rxe4 27. Bg3 Rh8 28. Qc2 Qe6
29. f5 Qxf5 30. Raf1 Nxg3+ 0-1

[Event "Olimpiade 2014 - Open"]
[Site "Tromsø"]
[Date "02.08.2014"]
[Round "1.4"]
[Board "4"]
[White "Tkachiev, Vladislav"]
[Black "Phiri, Richmond"]
[Result "1-0"]
[WhiteTitle "GM"]
[BlackTitle "FM"]
[WhiteElo "2624"]
[BlackElo "2121"]
[WhiteTeam "France"]
[BlackTeam "Zambia"]
[WhiteFideId "618438"]
[BlackFideId "8700443"]
[EventDate "2014.08.02"]

1. Nf3 Nf6 2. g3 b6 3. d4 Bb7 4. c4 e6 5. Bg2 Bb4+ 6. Bd2 Bxd2+ 7. Qxd2 O-O 8.
O-O d6 9. Qf4 Nbd7 10. Nc3 Nh5 11. Qd2 Nhf6 12. d5 exd5 13. cxd5 b5 14. a3 a6
15. Nd4 Re8 16. e4 Nc5 17. Qc2 Ng4 18. Rad1 h5 19. h3 Ne5 20. b3 Ng6 21. f4 Nd7
22. Nc6 Qf6 23. e5 Ngxe5 24. fxe5 Qg5 25. Qf2 Nxe5 26. Nxe5 Rxe5 27. Qxf7+ Kh8
28. Rde1 Rxe1 29. Rxe1 Qxg3 30. Re7 Qg5 31. Ne4 Qc1+ 32. Kh2 Qh6 33. Re6 1-0

[Event "Olimpiade 2014 - Open"]
[Site "Tromsø"]
[Date "02.08.2014"]
[Round "1.5"]
[Board "1"]
[White "Sargissian, Gabriel"]
[Black "Nanjo, Ryosuke"]
[Result "1-0"]
[WhiteTitle "GM"]
[BlackTitle "CM"]
[WhiteElo "2686"]
[BlackElo "2344"]
[WhiteTeam "Armenia"]
[BlackTeam "Japan"]
[WhiteFideId "13300881"]
[BlackFideId "7000634"]
[EventDate "2014.08.02"]

1. d4 d5 2. c4 e6 3. Nf3 c6 4. e3 Nf6 5. Bd3 Nbd7 6. b3 Bb4+ 7. Nbd2 Bc3 8. Rb1
e5 9. Qc2 Qa5 10. cxd5 Nxd5 11. O-O exd4 12. exd4 Nf8 13. Nc4 Qc7 14. Ne3 Nxe3
15. Bxe3 Ba5 16. b4 Bb6 17. b5 Ne6 18. bxc6 bxc6 19. Rfc1 Bd7 20. Qa4 O-O 21. d5
Bxe3 22. fxe3 Nd8 23. Qh4 h6 24. Qe4 g6 25. Qe5 Qc8 26. Qf4 Kg7 27. Ne5 c5 28.
Nxd7 Qxd7 29. Rxc5 Kh7 30. Rbc1 a6 31. Rc7 Qe8 32. h4 h5 33. Qg5 Kg8 34. Re7 f6
35. Qxg6+ Qxg6 36. Bxg6 f5 37. Rcc7 1-0

[Event "Olimpiade 2014 - Open"]
[Site "Tromsø"]
[Date "02.08.2014"]
[Round "1.5"]
[Board "2"]
[White "Kojima, Shinya"]
[Black "Movsesian, Sergei"]
[Result "0-1"]
[WhiteTitle "FM"]
[BlackTitle "GM"]
[WhiteElo "2373"]
[BlackElo "2672"]
[WhiteTeam "Japan"]
[BlackTeam "Armenia"]
[WhiteFideId "7000812"]
[BlackFideId "310204"]
[EventDate "2014.08.02"]

1. Nf3 Nf6 2. c4 g6 3. d4 Bg7 4. g3 O-O 5. Bg2 c6 6. Nc3 d6 7. O-O Qb6 8. h3 Qa6
9. b3 b5 10. cxb5 cxb5 11. a4 b4 12. Nb5 Qb7 13. Ne1 d5 14. Bf4 Nbd7 15. Rc1 a6
16. Nc7 Ra7 17. Nd3 Qb6 18. Nxd5 Nxd5 19. Bxd5 Bxd4 20. Bh6 Rd8 21. Nxb4 Nf6 22.
e4 Bxh3 23. Nc6 Bxf1 24. Kxf1 e5 25. Bg5 Rd6 26. Nxa7 Qxa7 27. Rc8+ Kg7 28. Qc1
Nxd5 29. Bh6+ Kf6 30. Bg5+ Kg7 31. Bh6+ Kf6 32. exd5 Kf5 33. f3 Rxd5 34. Qg5+
Ke6 35. Re8+ Kd6 36. Bf8+ Kc7 37. Qc1+ Kb6 38. Rc8 Qd7 39. Qc4 Qh3+ 40. Ke2 Qg2+ 0-1

[Event "Olimpiade 2014 - Open"]
[Site "Tromsø"]
[Date "02.08.2014"]
[Round "1.5"]
[Board "3"]
[White "Akopian, Vladimir"]
[Black "Watanabe, Akira"]
[Result "1-0"]
[WhiteTitle "GM"]
[BlackTitle "FM"]
[WhiteElo "2655"]
[BlackElo "2252"]
[WhiteTeam "Armenia"]
[BlackTeam "Japan"]
[WhiteFideId "13300032"]
[BlackFideId "7000227"]
[EventDate "2014.08.02"]

1. Nf3 Nf6 2. g3 g6 3. Bg2 Bg7 4. O-O O-O 5. c4 d6 6. Nc3 e5 7. d4 exd4 8. Nxd4
Nbd7 9. e4 c6 10. Be3 Re8 11. h3 Nc5 12. Qc2 a5 13. Nb3 Nfd7 14. Nxc5 Nxc5 15.
Rad1 Qe7 16. Qd2 Be6 17. Qxd6 Qxd6 18. Rxd6 Bxc3 19. bxc3 Na4 20. Rb1 Nxc3 21.
Rxb7 Nxa2 22. Rxc6 Nb4 23. Rc5 Nc2 24. Bd2 a4 25. Rb2 Na3 26. Bf1 Rec8 27. Rxc8+
Rxc8 28. c5 Rxc5 29. Bb4 Nc4 30. Ra2 Ne5 31. Rxa4 Rc1 32. Ra8+ Kg7 33. Kg2 h6
34. Bf8+ Kh7 35. Be7 Kg7 36. Bf8+ Kh7 37. Be7 Kg7 38. Bd6 Nc4 39. Bc5 Bxh3+ 40.
Kxh3 Rxf1 41. Bd4+ f6 42. Ra6 Ne5 43. f4 Rh1+ 44. Kg2 Rh2+ 45. Kxh2 Nf3+ 46. Kg2
Nxd4 47. Rd6 1-0

[Event "Olimpiade 2014 - Open"]
[Site "Tromsø"]
[Date "02.08.2014"]
[Round "1.5"]
[Board "4"]
[White "Averbukh, Alex"]
[Black "Kotanjian, Tigran"]
[Result "0-1"]
[BlackTitle "GM"]
[WhiteElo "2183"]
[BlackElo "2500"]
[WhiteTeam "Japan"]
[BlackTeam "Armenia"]
[WhiteFideId "2028255"]
[BlackFideId "13301250"]
[EventDate "2014.08.02"]

1. e4 c5 2. b3 d6 3. Bb2 Nf6 4. Bxf6 gxf6 5. Qh5 Bg7 6. Nc3 Nc6 7. f4 Nd4 8. Bd3
e6 9. f5 exf5 10. exf5 O-O 11. Nge2 Nxe2 12. Nxe2 d5 13. O-O b5 14. c3 c4 15.
Bc2 Re8 16. Nd4 Re5 17. Rf4 Qe7 18. Kf1 Bd7 19. Rh4 h6 20. Rg4 Kh8 21. Rg3 Qf8
22. Ne2 b4 23. Qg4 bxc3 24. dxc3 cxb3 25. axb3 Bb5 26. c4 dxc4 27. bxc4 Rae8 28.
Bd3 Bc6 29. Nc3 a5 30. h3 Re3 31. Rxe3 Rxe3 32. Qd4 Re5 33. Nd5 a4 34. Be4 a3
35. Bf3 Qb8 36. Qd3 Bf8 37. Rb1 Qd6 38. Qc2 Kg7 39. Rd1 Qc5 40. Qd3 Bxd5 41.
cxd5 Bd6 42. Qb1 Qe3 43. Qd3 a2 44. Be2 Qxd3 45. Bxd3 Rxd5 0-1

[Event "Olimpiade 2014 - Open"]
[Site "Tromsø"]
[Date "02.08.2014"]
[Round "1.6"]
[Board "1"]
[White "Haddouche, Mohamed"]
[Black "Balogh, Csaba"]
[Result "0-1"]
[WhiteTitle "GM"]
[BlackTitle "GM"]
[WhiteElo "2508"]
[BlackElo "2637"]
[WhiteTeam "Algeria"]
[BlackTeam "Hungary"]
[WhiteFideId "7900660"]
[BlackFideId "718939"]
[EventDate "2014.08.02"]

1. e4 c5 2. Nf3 e6 3. d3 Nc6 4. g3 Nge7 5. Bg2 g6 6. O-O Bg7 7. c3 O-O 8. Re1 e5
9. a3 d6 10. b4 b6 11. Nbd2 Be6 12. Bb2 h6 13. d4 exd4 14. cxd4 cxb4 15. axb4
Nxb4 16. Ba3 a5 17. Rb1 d5 18. Bxb4 axb4 19. Rxb4 dxe4 20. Nxe4 Nc6 21. Rb2 Nxd4
22. Nxd4 Qxd4 23. Rd2 Qb4 24. h3 Ra1 25. Qe2 Rxe1+ 26. Qxe1 b5 27. Kh2 Kh7 28.
h4 Bf5 29. h5 Re8 30. Re2 Qxe1 31. Rxe1 Kh8 32. hxg6 Bxg6 33. Re3 b4 34. Nc5 Rc8
35. Nb3 Rc2 36. Kg1 Bc3 37. Bd5 Kg7 38. Rf3 Rb2 39. Kh2 Rb1 40. Nc5 Rd1 41. Be4
Bh5 42. Rf5 Bg4 43. Rd5 Re1 44. f3 Re2+ 45. Kh1 Bh3 46. g4 Bd2 47. Rd3 Bf4 0-1

[Event "Olimpiade 2014 - Open"]
[Site "Tromsø"]
[Date "02.08.2014"]
[Round "1.6"]
[Board "2"]
[White "Almasi, Zoltan"]
[Black "Bengherabi, Khalil"]
[Result "1-0"]
[WhiteTitle "GM"]
[BlackTitle "FM"]
[WhiteElo "2690"]
[BlackElo "2170"]
[WhiteTeam "Hungary"]
[BlackTeam "Algeria"]
[WhiteFideId "702293"]
[BlackFideId "7900325"]
[EventDate "2014.08.02"]

1. c4 Nf6 2. Nf3 e6 3. g3 b6 4. d4 d5 5. Bg2 Be7 6. O-O O-O 7. Nc3 Bb7 8. cxd5
exd5 9. Ne5 Nbd7 10. Qa4 Nb8 11. Rd1 h6 12. Bf4 Re8 13. Rac1 a6 14. Qb3 Nc6 15.
Nxd5 Nxd5 16. Bxd5 Nxe5 17. Bxb7 1-0